01119 a2200181 45000010006000000050017000060080041000230030015000640400040000790800117001192450041002360200022002772640046002993000019003455050541003640410008009051000024009136252320260407155918.0260407a2007 arg spa dAR-UNSa-BCEJYS aAR-UNSa-BCEJYSbspacAR-UNSa-BCEJYS a352xNiveles inferiores de la administración. Gobierno local. Administración municipal. Autoridades locales 10aDerecho y administración municipal a978-987-22930-7-9 1aBuenos Aires :bCathedra Jurídicac2007 a616 p.c23 cm. a1. El derecho municipal – 2. Caracteres del régimen municipal – 3. La policía municipal – 4. El nuevo dialogo federal argentino – 5. Sistemas de gobierno municipal – 6. El Concejo Deliberante – 7. Departamento Ejecutivo. Intendente – 8. La Rendición de Cuentas – 9. Adquisiciones, contrataciones y transmisión de bienes – 10. La Justicia de Faltas – 11. Procedimiento administrativo municipal – 12. Estatuto del personal municipal. Ley 11.757 – 13. Ley de Apremio Tributario – 14. El fenómeno urbano. aspa1 aCalvente, Raúl D.